000 01325nam a2200349 c 4500
003 BLK
005 20250730115026.0
008 180412b bul|||||r ||||||| ||bul||
010 _aKNG00012212000
020 _a954-706-003-1
_bиздат.: Коломбина
040 _aBLK
041 _aBUL
_cBUL
080 _aАмериканска литература (на САЩ)
_b821.111(73)
_x-31
_z821.111(73)-31
100 1 _aДелински, Барбара
_eпърви автор
_959608
700 1 _aМечкуева, Мая
_eпрев.
_9363952
139 _aДелински, Барбара
_bД 37
245 1 0 _aЗагадки и обещания
_b[Роман]
_cБарбара Делински; прев. Мая Мечкуева.
257 _aUSA
260 София
_bКоломбина
_c1996
300 _a220 с.
_c20 см
380 _aX
490 1 _aHarlequin
490 1 _3Подсерия
_aБестселър
_v3
500 _aОриг. загл. Threats and Promises / Barbara Delinsky. - 6 000 тир.
653 _aромантична проза
852 _aЦб 188434
856 4 _qpdf
_u
856 4 _qpdf
_u
942 _cKNG
_n0
_048
944 _aCR
_c15.01.2003
_lЦветелина Шанова
_k30531
944 _aED
_c23.06.2016
_lф /
_kЛюдмила_Стоянова
999 _c10706
_d10706